[Event "Randy(Beauregard)  Bahr III memorial"]
[Site "SchemingMind.com"]
[Date "2025.01.02"]
[Round "-"]
[White "Robert Bruce"]
[Black "William Lindberg"]
[Result "*"]
[WhiteCountry "SCO"]
[BlackCountry "USA"]
[WhiteElo "2379"]
[WhiteRD "66"]
[BlackElo "2399"]
[BlackRD "67"]
[GameID "750308"]

1. c4 e5 2. Nc3 Nf6 3. Nf3 Nc6 4. g3 Bb4 5. Bg2 O-O 6. Nd5 e4 7. Nh4 d6 8. b3 g5 9. Bb2 Nxd5 10. cxd5 Ne5
11. a3 Ba5 12. f4 Ng4 13. fxg5 Qxg5 14. b4 Bb6 15. e3 Nxh2 16. Qe2 Qxg3+ 17. Qf2 Qxf2+ 18. Kxf2 Ng4+ 19. Ke2 f5 20. Rag1 Kf7
21. Bh3 h5 22. Bxg4 hxg4 23. Ng2 Ke8 24. Nf4 c6 25. Rh7 cxd5 26. Rgh1 Rf7 27. Rh8+ Kd7 28. a4 Bd8 29. b5 a6 30. Bd4 b6
31. R1h5 axb5 32. axb5 Ra3 33. Rg8 Bb7 34. Kf2 Ra2 35. Kg3 Ra8 36. Rgh8 Bc8 37. Rh1 Ra2 38. Rg8 Bb7 39. Rh5 Ra3 40. Ng6 Kc7
41. Nf4 Kd7 42. Ng6 Kc7 43. Rh1 Ra4 44. Rc1+ Kd7 45. Rh1 Kc7 46. Nf4 Kd7 47. Rhh8 Ra8 48. Ng6 Kc7 49. Kh2 Rc8 50. Nf4 Kd7
51. Rg6 Be7 52. Rh5
*

[Event "Randy(Beauregard)  Bahr III memorial"]
[Site "SchemingMind.com"]
[Date "2025.01.02"]
[Round "-"]
[White "William Lindberg"]
[Black "Robert Bruce"]
[Result "*"]
[WhiteCountry "USA"]
[BlackCountry "SCO"]
[WhiteElo "2399"]
[WhiteRD "67"]
[BlackElo "2379"]
[BlackRD "66"]
[GameID "750309"]

1. e4 c6 2. d4 d5 3. Nd2 e5 4. dxe5 Ne7 5. Ngf3 dxe4 6. Nxe4 Qxd1+ 7. Kxd1 Ng6 8. Be3 Bg4 9. Nd6+ Bxd6 10. exd6 Kd7
11. Kd2 Bxf3 12. gxf3 Kxd6 13. Rd1 Kc7 14. Rg1 Nd7 15. Kc1 Rhg8 16. f4 Nb6 17. c4 Rae8 18. Rg3 Ne7 19. Bd3 g6 20. Rf3 Nf5
21. Bxf5 gxf5 22. b3 Nd7 23. Rh3 Nf6 24. Bd4 Rg6 25. Be5+ Kc8 26. Rhd3 Ng4 27. Bd4 b6 28. h3 c5 29. hxg4 cxd4 30. g5 f6
31. gxf6 Rxf6 32. Rxd4 a5 33. Rh1 Re2 34. Rd2 Re7 35. Kd1 h6 36. Rd3 Re4 37. f3 Re7 38. Kd2 Kc7 39. Rh2 Rh7 40. Rh5 Rg7
41. Rh2 Rh7 42. Kc3 h5 43. Rh4 Rg6 44. Rd5 Rg3 45. Kd4 Rxf3 46. Rxf5 Rf2 47. a4 Kc6 48. Rb5 Rf1 49. Ke4 Re1+ 50. Kf3 Rf1+
*

[Event "Randy(Beauregard)  Bahr III memorial"]
[Site "SchemingMind.com"]
[Date "2025.01.02"]
[Round "-"]
[White "Robert Bruce"]
[Black "Matthew Bailey"]
[Result "*"]
[WhiteCountry "SCO"]
[BlackCountry "ENG"]
[WhiteElo "2379"]
[WhiteRD "66"]
[BlackElo "2569"]
[BlackRD "70"]
[GameID "750341"]

1. e4 c5 2. Nf3 d6 3. d4 cxd4 4. Qxd4 Nf6 5. Nc3 Nc6 6. Qd3 g6 7. Nd5 Bg7 8. c3 O-O 9. Bg5 Be6 10. Be2 Qa5
11. b4 Qa3 12. O-O Nxd5 13. exd5 Ne5 14. Qd1 Nxf3+ 15. Bxf3 Bd7 16. Bxe7 Rfe8 17. Bxd6 Bb5 18. Bc7 Bxf1 19. Qxf1 Qxc3 20. Rc1 Qxb4
21. Rb1 Qa4
*

[Event "Randy(Beauregard)  Bahr III memorial"]
[Site "SchemingMind.com"]
[Date "2025.01.02"]
[Round "-"]
[White "Matthew Bailey"]
[Black "Robert Bruce"]
[Result "*"]
[WhiteCountry "ENG"]
[BlackCountry "SCO"]
[WhiteElo "2569"]
[WhiteRD "70"]
[BlackElo "2379"]
[BlackRD "66"]
[GameID "750342"]

1. e3 d5 2. c4 e6 3. Nc3 c6 4. Nf3 Nf6 5. b3 Bd6 6. Bb2 O-O 7. Be2 e5 8. cxd5 cxd5 9. Nb5 Nc6 10. Nxd6 Qxd6
11. d4 e4 12. Ne5 Nd7 13. Nxc6 Qxc6 14. O-O Re8 15. Ba3 Nf6 16. Qd2 Re6 17. Rfc1 Qe8 18. Qc3 Bd7 19. Qc7 Rb6 20. Rc5
*

[Event "Randy(Beauregard)  Bahr III memorial"]
[Site "SchemingMind.com"]
[Date "2025.01.03"]
[Round "-"]
[White "Matthew Bailey"]
[Black "William Lindberg"]
[Result "*"]
[WhiteCountry "ENG"]
[BlackCountry "USA"]
[WhiteElo "2569"]
[WhiteRD "70"]
[BlackElo "2399"]
[BlackRD "67"]
[GameID "750344"]

1. e4 e5 2. Nf3 Nc6 3. Bb5 a6 4. Ba4 Nf6 5. O-O Be7 6. Re1 b5 7. Bb3 O-O 8. a4 b4 9. d4 d6 10. dxe5 dxe5
11. Nbd2 Bc5 12. a5 Ng4 13. Rf1 Nf6 14. Bc4 Bb7 15. Bd3 Ba7 16. Nb3 Re8 17. Qe2 h6 18. Bd2 Qd6 19. Be3 Bxe3 20. fxe3 Rf8
21. h3 Nh5 22. Rf2 Nf6 23. Rd1 Rfd8 24. Nh2 Bc8 25. Rdf1 Ne7 26. Nd2 Ng6 27. b3 Qe7 28. Rxf6 gxf6 29. Rf2 Kh7 30. Bc4 Rg8
31. Ng4 Bxg4 32. Qxg4 Nf8 33. Qf5+ Rg6 34. Nf3 Qd7 35. Rd2 Qxf5 36. exf5 Rg8 37. Bxf7 Rg7 38. Bd5 Rb8 39. Bc6 e4 40. Nh2 Re7
41. Ng4 Kg7 42. Rd5 Nh7 43. h4 h5 44. Nf2 Re5 45. Rd7+ Kh6 46. Nxe4 Rg8 47. Rxc7 Rg7 48. Rc8 Rxa5 49. Rh8 Rf7 50. Rd8 Rc7
51. Bd5 Ra1+ 52. Kf2 Rxc2+ 53. Kg3 Rc7 54. Nd6 Rg7+ 55. Kf3 Rg4 56. g3 Rc1 57. Rd7 Nf8 58. Rf7 Nh7 59. Ra7 Nf8 60. Ne8 Rf1+
61. Kg2 Rxf5 62. e4 Re5 63. Nxf6 Rg7 64. Rxa6 Ng6 65. Kf2 Rc7 66. g4 hxg4 67. Nxg4+ Kh5 68. Rxg6 Rxd5 69. Rh6+ Kxg4 70. exd5 Kf4
71. Rc6 Rd7 72. Rc4+ Ke5 73. h5 Kxd5 74. h6 Rb7 75. Ke3 Ke5 76. Rh4 Rh7 77. Kd3 Kf6 78. Kc4 Ke6 79. Kxb4
*

[Event "Randy(Beauregard)  Bahr III memorial"]
[Site "SchemingMind.com"]
[Date "2025.01.02"]
[Round "-"]
[White "Robert Bruce"]
[Black "Robert Hatfield"]
[Result "*"]
[WhiteCountry "SCO"]
[BlackCountry "USA"]
[WhiteElo "2379"]
[WhiteRD "66"]
[BlackElo "1712"]
[BlackRD "56"]
[GameID "750364"]

1. e4 Nf6 2. e5 Nd5 3. d4 d6 4. Nf3 Bg4 5. Be2 e6 6. O-O Be7 7. c4 Nb6 8. Nc3 O-O 9. h3 Bh5 10. Be3 d5
11. b3 Nc6 12. c5 Nd7 13. b4 Nxb4 14. Rb1 a5 15. a3 Bxf3 16. Bxf3 Nc6 17. Rxb7 Qc8 18. Rb1 a4 19. Be2 Na5
*

[Event "Randy(Beauregard)  Bahr III memorial"]
[Site "SchemingMind.com"]
[Date "2025.01.02"]
[Round "-"]
[White "Robert Hatfield"]
[Black "Robert Bruce"]
[Result "*"]
[WhiteCountry "USA"]
[BlackCountry "SCO"]
[WhiteElo "1712"]
[WhiteRD "56"]
[BlackElo "2379"]
[BlackRD "66"]
[GameID "750365"]

1. e4 e5 2. Nf3 Nc6 3. Bb5 a6 4. Ba4 Nf6 5. O-O Be7 6. Re1 b5 7. Bb3 d6 8. c3 O-O 9. h3 Nb8 10. d4 Nbd7
11. Nbd2 Bb7 12. Bc2 Re8 13. Nf1 Bf8 14. Ng3 g6 15. a4 c5 16. d5 c4 17. Be3 Nc5 18. Bxc5 dxc5 19. Nf1 Rb8 20. axb5
*

[Event "Randy(Beauregard)  Bahr III memorial"]
[Site "SchemingMind.com"]
[Date "2025.01.04"]
[Round "-"]
[White "Robert Bruce"]
[Black "George Dimitrov"]
[Result "*"]
[WhiteCountry "SCO"]
[BlackCountry "BUL"]
[WhiteElo "2379"]
[WhiteRD "66"]
[BlackElo "2545"]
[BlackRD "88"]
[GameID "750374"]

1. c4 e5 2. Nc3 Nf6 3. Nf3 Nc6 4. g3 d5 5. cxd5 Nxd5 6. Bg2 Bc5 7. Nxe5 Nxc3 8. bxc3 Nxe5 9. d4 Bd6 10. dxe5 Bxe5
11. O-O O-O 12. Rb1 c6 13. Qc2 Qc7 14. a4 Be6 15. Be3 Rfd8 16. Be4
*

[Event "Randy(Beauregard)  Bahr III memorial"]
[Site "SchemingMind.com"]
[Date "2025.01.04"]
[Round "-"]
[White "George Dimitrov"]
[Black "Robert Bruce"]
[Result "*"]
[WhiteCountry "BUL"]
[BlackCountry "SCO"]
[WhiteElo "2545"]
[WhiteRD "88"]
[BlackElo "2379"]
[BlackRD "66"]
[GameID "750375"]

1. e4 c5 2. Nf3 d6 3. d4 cxd4 4. Nxd4 Nf6 5. Nc3 a6 6. Be3 e5 7. Nb3 Be6 8. f3 h5 9. Qd2 Nbd7 10. O-O-O Be7
11. Kb1 b5 12. Nd5 Bxd5 13. exd5 Nb6 14. Bxb6 Qxb6 15. Na5 Rc8 16. c4 bxc4
*

[Event "Randy(Beauregard)  Bahr III memorial"]
[Site "SchemingMind.com"]
[Date "2025.01.04"]
[Round "-"]
[White "William Lindberg"]
[Black "George Dimitrov"]
[Result "*"]
[WhiteCountry "USA"]
[BlackCountry "BUL"]
[WhiteElo "2399"]
[WhiteRD "67"]
[BlackElo "2545"]
[BlackRD "88"]
[GameID "750376"]

1. e4 e5 2. Nf3 Nc6 3. Bb5 a6 4. Ba4 Nf6 5. O-O Be7 6. Re1 b5 7. Bb3 d6 8. c3 O-O 9. h3 Bb7 10. d4 Re8
11. Nbd2 Bf8 12. a4 h6 13. axb5 axb5 14. Rxa8 Qxa8 15. d5 Nb8 16. g4 Nbd7 17. g5 hxg5 18. Nxg5 g6 19. Ndf3 Be7 20. Be3 Kg7
21. c4 Rh8 22. cxb5 Nh7 23. Nxh7 Rxh7 24. Kg2 Qd8 25. Rh1 Bc8 26. h4 Bxh4 27. Nxh4 Rxh4 28. Bc2 Nb6 29. Qe1 Bd7 30. Bd3 f5
31. f3 Rxh1 32. Qxh1 f4 33. Bf2 g5 34. Be2 Be8 35. Kh2
*

[Event "Randy(Beauregard)  Bahr III memorial"]
[Site "SchemingMind.com"]
[Date "2025.01.04"]
[Round "-"]
[White "George Dimitrov"]
[Black "William Lindberg"]
[Result "*"]
[WhiteCountry "BUL"]
[BlackCountry "USA"]
[WhiteElo "2545"]
[WhiteRD "88"]
[BlackElo "2399"]
[BlackRD "67"]
[GameID "750377"]

1. e4 e5 2. Nf3 Nc6 3. Bb5 a6 4. Ba4 Nf6 5. O-O Nxe4 6. d4 b5 7. Bb3 d5 8. dxe5 Be6 9. Nbd2 Nc5 10. c3 Be7
11. Bc2 Bg4 12. Re1 O-O 13. Nb3 Ne6 14. Qd3 g6 15. Bh6 Re8 16. Qe3 Ng7 17. Nfd4 Nxd4 18. cxd4 a5 19. Bd3 a4 20. Nc5 Bxc5
21. dxc5 c6 22. Bg5 Qa5 23. Bf6 a3 24. b4 Qxb4 25. Rab1 Qa4 26. h3 Bd7 27. Qh6 Ne6 28. Bf5 gxf5 29. Rb3 f4 30. Kh2 Reb8
31. Rf3 Qc2 32. Rxf4 Ra4 33. Rxa4 bxa4 34. Re3 Qxf2 35. Rg3+ Qxg3+ 36. Kxg3 d4
*

[Event "Randy(Beauregard)  Bahr III memorial"]
[Site "SchemingMind.com"]
[Date "2025.01.04"]
[Round "-"]
[White "George Dimitrov"]
[Black "Matthew Bailey"]
[Result "*"]
[WhiteCountry "BUL"]
[BlackCountry "ENG"]
[WhiteElo "2545"]
[WhiteRD "88"]
[BlackElo "2569"]
[BlackRD "70"]
[GameID "750380"]

1. e4 c5 2. Nf3 d6 3. d4 cxd4 4. Bg5 h6 5. Bd2 Nf6 6. Bd3 e5 7. c3 dxc3 8. Nxc3 Be7 9. h3 O-O 10. O-O Be6
11. Qe2 Re8 12. Rfd1 Bf8 13. Be3 Nc6 14. Bb5 Qa5 15. Bc4 Rac8 16. Bxe6 fxe6 17. Nh2 a6 18. Ng4 Qd8 19. Rac1 Kh7 20. Nxf6+ Qxf6
21. Na4 Nd4 22. Qd3 Rxc1 23. Rxc1 Nc6 24. Nb6 Rd8 25. Nc4 Kg8 26. Bb6 Rd7 27. Na5 Nxa5 28. Bxa5 d5 29. Rc8 d4 30. Qa3 Rf7
31. f3 Kh7
*

[Event "Randy(Beauregard)  Bahr III memorial"]
[Site "SchemingMind.com"]
[Date "2025.01.03"]
[Round "-"]
[White "Robert Bruce"]
[Black "palberto1963"]
[Result "*"]
[WhiteCountry "SCO"]
[BlackCountry "ESP"]
[WhiteElo "2379"]
[WhiteRD "66"]
[BlackElo "2534"]
[BlackRD "79"]
[GameID "750382"]

1. d4 d5 2. Nf3 Nf6 3. e3 e6 4. Bd3 b6 5. b3 Bb4+ 6. c3 Be7 7. O-O Bb7 8. Bb2 O-O 9. Nbd2 Nbd7 10. Rc1 Rc8
11. Qe2
*

[Event "Randy(Beauregard)  Bahr III memorial"]
[Site "SchemingMind.com"]
[Date "2025.01.03"]
[Round "-"]
[White "William Lindberg"]
[Black "palberto1963"]
[Result "*"]
[WhiteCountry "USA"]
[BlackCountry "ESP"]
[WhiteElo "2399"]
[WhiteRD "67"]
[BlackElo "2534"]
[BlackRD "79"]
[GameID "750384"]

1. e4 e5 2. Nf3 Nc6 3. Bb5 Nf6 4. O-O Nxe4 5. d4 Nd6 6. Bxc6 dxc6 7. dxe5 Nf5 8. Qxd8+ Kxd8 9. Nc3 Bd7 10. Rd1 Kc8
11. Ng5 Be8 12. e6 f6 13. Nge4 b6 14. a4 a5 15. f3 Kb7 16. Kf2 Be7 17. Ne2 g5 18. Bd2 Rf8 19. Bc3 h5 20. N2g3 Nh4
21. Rd3
*

[Event "Randy(Beauregard)  Bahr III memorial"]
[Site "SchemingMind.com"]
[Date "2025.01.03"]
[Round "-"]
[White "palberto1963"]
[Black "William Lindberg"]
[Result "*"]
[WhiteCountry "ESP"]
[BlackCountry "USA"]
[WhiteElo "2534"]
[WhiteRD "79"]
[BlackElo "2399"]
[BlackRD "67"]
[GameID "750385"]

1. c4 e5 2. Nc3 Nf6 3. Nf3 Nc6 4. e4 Bb4 5. d3 O-O 6. a3 Bxc3+ 7. bxc3 d6 8. g3 h6 9. Bg2 Be6 10. O-O Re8
11. Nh4 Na5 12. Rb1 c6 13. h3 b6 14. f4 exf4 15. Bxf4 Qe7 16. Rb2 Rad8 17. Rbf2 Nh7 18. Bc1 c5 19. Kh2 Rf8 20. Nf5 Bxf5
*

[Event "Randy(Beauregard)  Bahr III memorial"]
[Site "SchemingMind.com"]
[Date "2025.01.04"]
[Round "-"]
[White "George Dimitrov"]
[Black "palberto1963"]
[Result "*"]
[WhiteCountry "BUL"]
[BlackCountry "ESP"]
[WhiteElo "2545"]
[WhiteRD "88"]
[BlackElo "2534"]
[BlackRD "79"]
[GameID "750386"]

1. e4 e5 2. Nf3 Nc6 3. Bb5 Nf6 4. O-O Nxe4 5. Re1 Nd6 6. Nxe5 Be7 7. Bf1 Nxe5 8. Rxe5 O-O 9. d4 Bf6 10. Re1 Re8
11. c3 Rxe1 12. Qxe1 Ne8 13. d5 d6 14. Be3 Bf5 15. Qd2 c6 16. Qd1
*

[Event "Randy(Beauregard)  Bahr III memorial"]
[Site "SchemingMind.com"]
[Date "2025.01.04"]
[Round "-"]
[White "palberto1963"]
[Black "George Dimitrov"]
[Result "*"]
[WhiteCountry "ESP"]
[BlackCountry "BUL"]
[WhiteElo "2534"]
[WhiteRD "79"]
[BlackElo "2545"]
[BlackRD "88"]
[GameID "750387"]

1. c4 c5 2. Nf3 Nf6 3. Nc3 Nc6 4. g3 d5 5. d4 e6 6. cxd5 Nxd5 7. Bg2 cxd4 8. Nxd4 Nxc3 9. bxc3 Nxd4 10. Qxd4 Qxd4
11. cxd4 Bd6 12. O-O Rb8 13. e4 b5 14. Bd2 e5 15. Be3 O-O 16. f4 exd4
*

[Event "Randy(Beauregard)  Bahr III memorial"]
[Site "SchemingMind.com"]
[Date "2025.01.03"]
[Round "-"]
[White "Robert Hatfield"]
[Black "palberto1963"]
[Result "*"]
[WhiteCountry "USA"]
[BlackCountry "ESP"]
[WhiteElo "1712"]
[WhiteRD "56"]
[BlackElo "2534"]
[BlackRD "79"]
[GameID "750388"]

1. e4 e5 2. Nf3 Nc6 3. Bb5 Nf6 4. O-O Nxe4 5. d4 Nd6 6. Bxc6 dxc6 7. Re1 e4 8. Ng5 f5 9. Bf4 g6 10. c3 Be7
11. Qd2 h6 12. Nh3 g5 13. Be5 Nc4 14. Qc2 Nxe5 15. dxe5 Qd5 16. Nd2 Be6 17. Rad1 Qxe5 18. Nf3
*

[Event "Randy(Beauregard)  Bahr III memorial"]
[Site "SchemingMind.com"]
[Date "2025.01.03"]
[Round "-"]
[White "palberto1963"]
[Black "Matthew Bailey"]
[Result "*"]
[WhiteCountry "ESP"]
[BlackCountry "ENG"]
[WhiteElo "2534"]
[WhiteRD "79"]
[BlackElo "2569"]
[BlackRD "70"]
[GameID "750391"]

1. c4 e5 2. Nc3 Nf6 3. Nf3 Nc6 4. e4 Bc5 5. Nxe5 Nxe5 6. d4 Bb4 7. dxe5 Nxe4 8. Qf3 Nxc3 9. bxc3 Ba5 10. Bf4 O-O
11. O-O-O Qe7 12. Kb2 Rb8 13. Qe3 Bb6 14. Qg3 Re8 15. Bd3 Bc5 16. Rhe1 b5 17. cxb5 a6 18. Bg5 Ba3+ 19. Kb3 Qf8 20. Bf6 g6
21. h4 d5 22. Kc2 Bd7
*

[Event "Randy(Beauregard)  Bahr III memorial"]
[Site "SchemingMind.com"]
[Date "2025.01.04"]
[Round "-"]
[White "Robert Bruce"]
[Black "eliecercruzr"]
[Result "*"]
[WhiteCountry "SCO"]
[BlackCountry "CUB"]
[WhiteElo "2379"]
[WhiteRD "66"]
[BlackElo "2429"]
[BlackRD "55"]
[GameID "750419"]

1. d4 g6 2. c4 Nf6 3. g3 c6 4. Bg2 d5 5. Qa4 Nbd7 6. cxd5 Nb6 7. Qb3 cxd5 8. Nc3 Bg7 9. Nf3 O-O 10. O-O Ne4
11. Bf4 Bf5 12. Rfc1 e6
*

[Event "Randy(Beauregard)  Bahr III memorial"]
[Site "SchemingMind.com"]
[Date "2025.01.04"]
[Round "-"]
[White "eliecercruzr"]
[Black "Robert Bruce"]
[Result "*"]
[WhiteCountry "CUB"]
[BlackCountry "SCO"]
[WhiteElo "2429"]
[WhiteRD "55"]
[BlackElo "2379"]
[BlackRD "66"]
[GameID "750420"]

1. e4 c5 2. Nf3 d6 3. Bb5+ Nd7 4. c4 Nf6 5. Nc3 g6 6. Ba4 Bg7 7. O-O O-O 8. d3 b6 9. a3 Bb7 10. Rb1 e6
11. b4 Qe7 12. h3
*

[Event "Randy(Beauregard)  Bahr III memorial"]
[Site "SchemingMind.com"]
[Date "2025.01.04"]
[Round "-"]
[White "William Lindberg"]
[Black "eliecercruzr"]
[Result "*"]
[WhiteCountry "USA"]
[BlackCountry "CUB"]
[WhiteElo "2399"]
[WhiteRD "67"]
[BlackElo "2429"]
[BlackRD "55"]
[GameID "750421"]

1. c4 c5 2. Nf3 e6 3. e4 Nc6 4. d4 cxd4 5. Nxd4 Nf6 6. Nc3 Bb4 7. Nxc6 bxc6 8. Bd3 e5 9. O-O O-O 10. Be3 Bxc3
11. bxc3 d6 12. Qf3 Nd7 13. Rad1 c5 14. Bc2 Qc7 15. Qe2 Rb8 16. Rd2 Rb6 17. Qd3 h6 18. Rb1 Ra6 19. Bb3 Nf6 20. f3 Be6
21. Bd1 Nh5 22. Rb3 Nf4 23. Qf1 Qe7
*

[Event "Randy(Beauregard)  Bahr III memorial"]
[Site "SchemingMind.com"]
[Date "2025.01.04"]
[Round "-"]
[White "eliecercruzr"]
[Black "William Lindberg"]
[Result "*"]
[WhiteCountry "CUB"]
[BlackCountry "USA"]
[WhiteElo "2429"]
[WhiteRD "55"]
[BlackElo "2399"]
[BlackRD "67"]
[GameID "750422"]

1. e4 e5 2. Nf3 Nc6 3. Bb5 a6 4. Ba4 Nf6 5. O-O Be7 6. Re1 b5 7. Bb3 O-O 8. c3 d5 9. exd5 Nxd5 10. Nxe5 Nxe5
11. Rxe5 c6 12. d4 a5 13. Re1 Re8 14. Bc2 a4 15. Nd2 g6 16. a3 Be6 17. Nf3 Qc7 18. h3 Bd6 19. Ng5 Bd7 20. Ne4 Bf5
21. Nxd6 Rxe1+ 22. Qxe1 Bxc2 23. Qe5 Qe7 24. Bg5 Qxe5 25. dxe5
*

[Event "Randy(Beauregard)  Bahr III memorial"]
[Site "SchemingMind.com"]
[Date "2025.01.04"]
[Round "-"]
[White "George Dimitrov"]
[Black "eliecercruzr"]
[Result "*"]
[WhiteCountry "BUL"]
[BlackCountry "CUB"]
[WhiteElo "2545"]
[WhiteRD "88"]
[BlackElo "2429"]
[BlackRD "55"]
[GameID "750423"]

1. e4 e5 2. Nf3 Nc6 3. Bb5 a6 4. Ba4 Nf6 5. O-O Be7 6. Re1 b5 7. Bb3 O-O 8. c3 d5 9. exd5 Nxd5 10. Nxe5 Nxe5
11. Rxe5 c6 12. d3 Bd6 13. Re1 Bf5 14. Qf3 Re8 15. Rxe8+ Qxe8 16. Nd2 Qe1+ 17. Nf1 Bg6 18. g3 b4 19. c4 Nf6
*

[Event "Randy(Beauregard)  Bahr III memorial"]
[Site "SchemingMind.com"]
[Date "2025.01.04"]
[Round "-"]
[White "eliecercruzr"]
[Black "George Dimitrov"]
[Result "*"]
[WhiteCountry "CUB"]
[BlackCountry "BUL"]
[WhiteElo "2429"]
[WhiteRD "55"]
[BlackElo "2545"]
[BlackRD "88"]
[GameID "750424"]

1. e4 e5 2. Nf3 Nc6 3. Bb5 a6 4. Ba4 Nf6 5. O-O Be7 6. Re1 b5 7. Bb3 O-O 8. c3 d6 9. h3 Bb7 10. d4 Re8
11. Ng5 Rf8 12. Nf3 Nd7 13. a4 Na5 14. Bc2 c5 15. d5 Qc7 16. b3 c4 17. b4 Nb3 18. Bxb3 cxb3 19. axb5 axb5 20. Rxa8
*

[Event "Randy(Beauregard)  Bahr III memorial"]
[Site "SchemingMind.com"]
[Date "2025.01.04"]
[Round "-"]
[White "eliecercruzr"]
[Black "Matthew Bailey"]
[Result "*"]
[WhiteCountry "CUB"]
[BlackCountry "ENG"]
[WhiteElo "2429"]
[WhiteRD "55"]
[BlackElo "2569"]
[BlackRD "70"]
[GameID "750428"]

1. e4 c5 2. c3 d5 3. exd5 Qxd5 4. Nf3 e6 5. d4 Nf6 6. Na3 a6 7. Nc4 Nbd7 8. a4 cxd4 9. Qxd4 Bc5 10. Qh4 Qe4+
11. Qxe4 Nxe4 12. Be3 Bxe3 13. fxe3 Ke7 14. Bd3 Nd6 15. Nxd6 Kxd6 16. O-O Ke7 17. a5 Rd8 18. c4 Nf6 19. Ne5 Bd7 20. Be4 Rab8
21. b4 Be8 22. Bf3 Nd7 23. Nxd7 Bxd7 24. Rfd1 Bc6 25. Kf2 Bxf3 26. Kxf3 Rxd1 27. Rxd1 b6 28. axb6 Rxb6 29. Rb1 a5 30. b5 Kd6
31. Ke4 Kc5 32. Kd3 f5 33. Kc3 Rd6 34. Kb3 g5 35. Ka4 f4
*

[Event "Randy(Beauregard)  Bahr III memorial"]
[Site "SchemingMind.com"]
[Date "2025.01.04"]
[Round "-"]
[White "palberto1963"]
[Black "eliecercruzr"]
[Result "*"]
[WhiteCountry "ESP"]
[BlackCountry "CUB"]
[WhiteElo "2534"]
[WhiteRD "79"]
[BlackElo "2429"]
[BlackRD "55"]
[GameID "750430"]

1. c4 c5 2. Nf3 e6 3. Nc3 Nf6 4. g3 d5 5. cxd5 exd5 6. d4 Nc6 7. Bg2 cxd4 8. Nxd4 Bc5 9. Nb3 Bb6 10. O-O d4
11. Na4 O-O 12. Bg5 Re8 13. Re1
*